01023nam0a22002291 4500001001100000005001700011021001900028035002600047100004100073101000800114102000700122105001800129200011700147210013100264215005100395300005200446606006200498700016800560801001800728801002200746852002500768rc\408732120260405155531.0 aRUb[47-14875] a(NLR Aleph) 008129760 a20130415d1947 |||y0rusy50 ca0 arus aRU ay z |||||1 aНовый метод интегрирования с помощью ортогональных фокусов aМоскваaЛенинградcГостехиздатd1947g16-я тип. треста "Полиграфкнига" в М. a84 с., 4 отд. л. граф.cграф.d20 aПеред загл. авт.: А.А. Попов aИнтегрирование графическое2psbo 18rus7caaПоповbА. А.cд-р техн. наук, строит. механикаf1905-1966gАлексей Александрович3RU\NLR\AUTH\7766311 0aRUbNLRgpsbo 1aRUbELAR2rusmarc aNLRjМт02 Г-4/168